000 00625nam a2200241Ia 4500
003 OSt
005 20221005114145.0
006 a|||||r|||| 00| 0
007 ta
008 221004b |||||||| |||| 00| 0 tam d
024 _a48554
037 _cTextual
040 _aCRL
_cCRL
_btam
041 _2tam
_atam
082 _aO31,1N30,1, K4
100 _aIlanthirian Saalai
_9625552
245 0 _aAnnai nee aadavendum = Collection of poems
260 _c1964
300 _a176
_ccm.
650 _aTAMIL POETRY
942 _hO31,1N30,1, K4
_cTEXL
_2cc
999 _c1030424
_d1030424